| 000 | 00639nam a2200193 i 4500 | ||
|---|---|---|---|
| 001 | 34489 | ||
| 003 | ES-MaACL | ||
| 005 | 20230906154937.0 | ||
| 007 | t| | ||
| 008 | 030207s1949 it ||||1| ita d | ||
| 100 | 1 |
_aBonetti, Eliseo. _930144 |
|
| 245 | 1 | 0 |
_aRapporti tra popolamento urbano e popolamento rurale in Istria / _cEliseo Bonetti. |
| 260 |
_aTrieste : _bLega Nazionale, _c1949 ( _fGuiliana di Raffaello Monciatti) |
||
| 300 |
_a12 p. : _bil. ; _c24 cm. |
||
| 490 | 1 |
_aPagine di Cultura Giuliana ; _v1 |
|
| 830 | 0 |
_aPagine di Cultura Giuliana ; _v1 _9229496 |
|
| 852 |
_aES-MaACL _j1909-F-8 _bR.29288 |
||
| 999 |
_c34489 _d34489 |
||